Ye - Kanye West (Do you know the Album?) - Statistics

General Stats
  • This quiz has been taken 1,374 times
  • The average score is 6 of 7
Answer Stats
Songs % Correct
Ghost Town
98%
Violent Crimes
94%
I Thought About Killing You
90%
All Mine
85%
Yikes
85%
No Mistakes
77%
Wouldn't Leave
71%
No matching quizzes found
Score Distribution
Percent of People with Each Score
Percentile by Number Answered
Your Score History
You have not taken this quiz